The Royal Australian Engineers / (Record no. 551805)
[ view plain ]
| 000 -LEADER | |
|---|---|
| fixed length control field | 00749cam a2200181 a 4500 |
| 020 ## - INTERNATIONAL STANDARD BOOK NUMBER | |
| International Standard Book Number | 0959687106 (set) |
| 082 00 - DEWEY DECIMAL CLASSIFICATION NUMBER | |
| Classification number | 358.20994 |
| Author Mark | MCN |
| 100 1# - MAIN ENTRY--PERSONAL NAME | |
| Personal name | McNicoll, Ronald. |
| 9 (RLIN) | 48864 |
| 245 14 - TITLE STATEMENT | |
| Title | The Royal Australian Engineers / |
| Statement of responsibility, etc. | by Ronald McNicoll. |
| 260 ## - PUBLICATION, DISTRIBUTION, ETC. | |
| Place of publication, distribution, etc. | Canberra : |
| Name of publisher, distributor, etc. | Published by the Corps Committee of the Royal Australian Engineers, |
| Date of publication, distribution, etc. | 1977-<2002 > |
| 300 ## - PHYSICAL DESCRIPTION | |
| Extent | v. <1-4 > : |
| Other physical details | ill. (some col.) ; |
| Dimensions | 24 cm. |
| 500 ## - GENERAL NOTE | |
| General note | Vol. 4 by P.J. Greville. |
| 505 1# - FORMATTED CONTENTS NOTE | |
| Formatted contents note | 1. 1835 to 1902, The Colonial engineers -- 2. 1902 to 1919, Making and breaking -- 3. 1919 to 1945, Teeth and nail -- v. 4. 1945 to 1972, paving the way |
| 526 ## - STUDY PROGRAM INFORMATION NOTE | |
| Program name | 0 |
| Interest level | 0 |
| Reading level | 0 |
| Title point value | 358_209940000000000_MCN |
| 650 ## - SUBJECT ADDED ENTRY--TOPICAL TERM | |
| Topical term or geographic name entry element | MCE |
| 9 (RLIN) | 379 |
| 700 1# - ADDED ENTRY--PERSONAL NAME | |
| Personal name | Greville, P. J. |
| 9 (RLIN) | 48957 |
| 942 ## - ADDED ENTRY ELEMENTS (KOHA) | |
| Source of classification or shelving scheme | |
| Koha item type | Book |
| Withdrawn status | Lost status | Source of classification or shelving scheme | Damaged status | Not for loan | Permanent Location | Current Location | Date acquired | Total Checkouts | Full call number | Barcode | Date last seen | Price effective from | Koha item type |
|---|---|---|---|---|---|---|---|---|---|---|---|---|---|
| Military College of Engineering (MCE) | Military College of Engineering (MCE) | 12/29/2014 | 358.20994 MCN | MCE-29352 | 12/29/2014 | 12/29/2014 | Book |
